000
00206 a2200097 4500
001
47585
100
_a
245
_a
Wings of our Navey
260
_a
New York
_b
Coward McCann inc
_c
090
_c
30598
_d
30598
942
_a
NUST-CAE
_c
M
_c
22889
999
_c
282658
_d
282658